MARC details
| 000 -LEADER |
| fixed length control field |
00661cam a2200169 4500 |
| 001 - CONTROL NUMBER |
| control field |
WS114085 |
| 008 - FIXED-LENGTH DATA ELEMENTS--GENERAL INFORMATION |
| fixed length control field |
010813n 000 0 eng u |
| 035 ## - SYSTEM CONTROL NUMBER |
| System control number |
(Sirsi) u114085 |
| 245 ## - TITLE STATEMENT |
| Title |
Teamwork |
| 520 ## - SUMMARY, ETC. |
| Summary, etc. |
Web site for this educational initiative established to develop a working model for building procurement. Includes details of this project, news stories, and an outline of the project and its objectives. |
| 650 ## - SUBJECT ADDED ENTRY--TOPICAL TERM |
| Topical term or geographic name entry element |
Procurement-old |
| 650 ## - SUBJECT ADDED ENTRY--TOPICAL TERM |
| Topical term or geographic name entry element |
EGAN REFORMS |
| 650 ## - SUBJECT ADDED ENTRY--TOPICAL TERM |
| Topical term or geographic name entry element |
DEMONSTRATION PROJECTS |
| 690 ## - LOCAL SUBJECT ADDED ENTRY--TOPICAL TERM (OCLC, RLIN) |
| Topical term or geographic name as entry element |
Procurement |
| 9 (RLIN) |
6260 |
| 856 40 - ELECTRONIC LOCATION AND ACCESS |
| Uniform Resource Identifier |
<a href="https://www.team-work.org.uk">https://www.team-work.org.uk</a> |
| Public note |
View the website free of charge at www.team-work.org.uk... |
| 942 ## - ADDED ENTRY ELEMENTS (KOHA) |
| Suppress in OPAC |
0 |